Ritos de la interpretación: sobre el valor de la música popular

-д хадгалсан:
Номзүйн дэлгэрэнгүй
Үндсэн зохиолч: Frith, Simon (Зохиогч)
Формат: Ном
Хэл сонгох:испани
Хэвлэсэн: Buenos Aires Editorial Paidós 2014
Хэвлэл:1a. ed
Цуврал:Paidós Entornos, 24
Нөхцлүүд:
Шошгууд: Шошго нэмэх
Шошго байхгүй, Энэхүү баримтыг шошголох эхний хүн болох!

MARC

LEADER 00000cam a2200000 a 4500
001 UCC2376
003 CL-VaPUC
008 180119e20140700ag |||||||||||||||||spa|d
020 |a 9789501201215 
082 0 4 |a 781.63  |b FRI  |2 21 
100 0 |a Frith, Simon  |e author  |9 596481 
245 1 0 |a Ritos de la interpretación: sobre el valor de la música popular 
250 |a 1a. ed 
300 |a 491 p 
942 |c BK 
945 |d 20180119 15:30:00  |a arojas 
260 |a Buenos Aires  |b Editorial Paidós  |c 2014 
650 0 |a Música popular  |9 356085 
650 0 |a Ritmo  |9 306417 
650 0 |a Voz  |9 318102 
650 0 |a Performance (Arte)   |9 484507 
583 |a last modification  |c 20180119 15:30:00  |k Rodrigo Vera 
490 0 |a Paidós Entornos, 24 
999 |c 370546  |d 370544 
952 |0 0  |1 0  |3 erb  |4 0  |6 781_630000000000000_FRI_2014  |7 0  |8 ?  |9 487077  |a BIBEDU  |b BIBEDU  |i 5449553  |l 5  |m 1  |o 781.63 FRI 2014  |p 5449553  |q 2025-06-06  |r 2025-05-07  |s 2025-05-07  |w 2019-11-24  |y BK  |z Catalogado en:20180119  |k MUS